Widder|| den Meuchler|| zu Dresen|| gedrückt.||

Saved in:  
Bibliographic Details
Main Author: Luther, Martin 1483-1546 (Author)
Contributors: Lufft, Hans 1495-1584 (Printer)
Format: Print Book
Language:German
Subito Delivery Service: Order now.
Check availability: HBZ Gateway
WorldCat: WorldCat
Interlibrary Loan:Interlibrary Loan for the Fachinformationsdienste (Specialized Information Services in Germany)
Published: Wittemberg Lufft 1531
In:Year: 1531
Further subjects:B Streitschrift:theol
Sammlungen:

MARC

LEADER 00000cam a2200000 c 4500
001 151900299
003 DE-627
005 20260124020151.0
007 tu
008 940503s1531 xx ||||| 00| ||ger c
026 |e ench e-ie g,tu EsLi C 1531A 2  |2 fei  |5 HAAB Weimar, Marienbibliothek Halle 
035 |a (DE-627)151900299 
035 |a (DE-576)9151900297 
035 |a (DE-599)GBV151900299 
035 |a (OCoLC)21794075 
040 |a DE-627  |b ger  |c DE-627  |e rakwb 
041 |a ger 
044 |c XA-DXDE 
082 0 |a 270.6  |q OCLC 
100 1 |0 (DE-588)118575449  |0 (DE-627)133813363  |0 (DE-576)162061560  |4 aut  |a Luther, Martin  |d 1483-1546 
109 |a Luther, Martin 1483-1546 
240 1 0 |a Wider den Meuchler zu Dresden 
245 1 0 |a Widder|| den Meuchler|| zu Dresen|| gedrückt.||  |c Mart. Luther 
246 3 0 |a wider Dresden gedruckt 
264 1 |a Wittemberg  |b Lufft  |c 1531 
300 |a [15] Bl.  |b Titeleinfassung (Holzschn.)  |c 4° 
336 |a Text  |b txt  |2 rdacontent 
337 |a ohne Hilfsmittel zu benutzen  |b n  |2 rdamedia 
338 |a Band  |b nc  |2 rdacarrier 
361 1 |5 DE-32  |y 825263735  |s Aut Luther : 1531 (13)  |o Vorbesitz  |a Kratzsch, Konrad  |0 (DE-588)137332734  |0 (DE-627)591427362  |0 (DE-576)161817637  |f Notiz 
361 1 |5 DE-32  |y 825263735  |s Aut Luther : 1531 (13)  |o Vorbesitz  |a NN  |f Notiz 
500 |a Fingerprint nach Ex. d. HAAB Weimar 
500 |a Signaturformel: A-D4 
500 |a Vorlageform des Erscheinungsvermerkes: Wittemberg.|| 1 5 3 1.|| - Kolophon: Gedruckt zu Wittemberg|| Durch Hans Lufft.|| M.D.XXXI.|| 
510 3 |a VD16 L 7431 
510 3 |a Benzing.J. Lutherbibliographie 1989, 2938 
510 3 |a Luthers Werke (Weimarer Ausgabe) Bd. 30, 3, S. 442: Druck D 
510 3 |a Kratzsch: Verzeichnis der Lutherdrucke, Nr. 790 
655 7 |a Streitschrift:theol  |0 (DE-627)096633131  |2 local 
700 1 2 |a Luther, Martin  |d 1483-1546  |t Wider den Meuchler zu Dresden 
700 1 |0 (DE-588)117313785  |0 (DE-627)149163924  |0 (DE-576)213724162  |4 prt  |a Lufft, Hans  |d 1495-1584 
751 |a Wittenberg  |4 pup 
935 |a JALB  |a mteo 
935 |e VD16 L 7431 
935 |e Benzing.J. Lutherbibliographie 1989, 2938 
935 |e Luthers Werke (Weimarer Ausgabe) Bd. 30, 3, S. 442: Druck D  |f b 
935 |e Kratzsch: Verzeichnis der Lutherdrucke, Nr. 790  |f b 
951 |a BO 
ELC |b 1 
LOK |0 000 xxxxxcx a22 zn 4500 
LOK |0 001 4579065808 
LOK |0 003 DE-627 
LOK |0 004 151900299 
LOK |0 005 20240912102340 
LOK |0 008 240912||||||||||||||||ger||||||| 
LOK |0 040   |a DE-Tue135  |c DE-627  |d DE-Tue135 
LOK |0 092   |o n 
LOK |0 852   |a DE-Tue135 
LOK |0 852 1  |9 00 
LOK |0 866   |x SPQUE#Johannes a Lasco Bibliothek 
LOK |0 935   |a JALB 
LOK |0 939   |a 12-09-24  |b l01 
ORI |a SA-MARC-ixtheoa001.raw